00682 2200241 4500001002100000005001500021035002000036007000300056008004100059020002200100082002500122084003100147100002600178245006700204250000600271260003200277300002800309650001300337650001600350700001800366856003300384990002300417INLIS00000000000775920251114125816 a0010-1125000031ta251114 0 ind  a978-979-3450-71-1 a631.559:633.1/3(094) a631.559:633.1/3(094) TAF p0 aTAFAKRESNANTO, Chendy1 aPetunjuk Teknik Budidaya Tumpangsari Pajale Sistem Tanam Rapat a- aMalang :bBPTP JATIM,c2018 a21p. :bIlus ;c20.8 cm 4aBudidaya 4aTumpangsari0 aZainal Arifin aPerpustakaan BRMP Jawa Timur a660/2025/BRMPJATIM